000 00291nmm a2200097Ia 4500
008 220120s9999||||xx |||||||||||||||||und||
020 _a0-07-048649-2
100 _aACMSIGCE-2010
_911201
245 0 _aICER 2009 ACM proceedings workshop and international computi
260 _aACM press
_bNew Delhi
999 _c139469
_d139469